000 00900cab a22002295a 4500
001 L159212
008 150113e2013 xxk 000 0 eng d
035 _a(Sirsi) u159212
041 0 _aeng
050 _a333.3307 $2 18
100 1 _aCraig, Ewan
245 0 0 _aKipling's six honest men
_h[electronic resource]
260 _c2013
490 _aRICS Building Surveying Journal
_vJanuary - February 2013, 26(1)
520 _aGathers tips on the written submission content of the APC and suggests how candidates can overcome potential pitfalls in everything from documenting their role to ensuring continuity.
650 2 4 _aAPC
_96216
651 4 _aUnited Kingdom
_y
690 _aAPC
_96216
690 _aBuilding surveying
_96225
856 4 0 _uhttps://www.rics.org/Global/Building_Surveying_Journal_January-February_2013_v2.pdf
_zView the article free of charge at www.rics.org...
942 _n0
999 _c84833
_d84833